Huelgas económicas y huelgas políticas / (Record no. 38752)

MARC details
000 -LEADER
campo de control de longitud fija 00850nam a2200205 i 4500
001 - NÚMERO DE CONTROL
campo de control 38752
003 - IDENTIFICADOR DE NÚMERO DE CONTROL
campo de control ES-MaACL
005 - FECHA Y HORA DE LA ÚLTIMA TRANSACCIÓN
campo de control 20230912063103.0
007 - CAMPO FIJO DE DESCRIPCIÓN FÍSICA--INFORMACIÓN GENERAL
campo de control de longitud fija t|
008 - DATOS DE LONGITUD FIJA--INFORMACIÓN GENERAL
campo de control de longitud fija 030226s1918 sp |||| | spa d
100 0# - ENTRADA PRINCIPAL--NOMBRE DE PERSONA
Nombre de persona Calomarde, Juan José
9 (RLIN) 33772
245 10 - MENCIÓN DEL TÍTULO
Título Huelgas económicas y huelgas políticas /
Mención de responsabilidad, etc. memoria de Juan José Calomarde, secretario de la Sección de Ciencias Morales y Políticas, donde fue puesta a discusión el día 7 de diciembre de 1917.
260 ## - PUBLICACIÓN, DISTRIBUCIÓN, ETC.
Lugar de publicación, distribución, etc. Madrid :
Nombre del editor, distribuidor, etc. [s.n.],
Fecha de publicación, distribución, etc. 1918 (
Fabricante Imp. de Enrique Arahuetes)
300 ## - DESCRIPCIÓN FÍSICA
Extensión 21 p. ;
Dimensiones 21 cm.
594 ## - Nota al título y mención de responsabilidad
Nota al título y mención de responsabilidad Precede al tít.: Ateneo Científico, Literario y Artístico de Madrid.
610 24 - PUNTO DE ACCESO ADICIONAL DE MATERIA--NOMBRE DE ENTIDAD CORPORATIVA
Nombre de entidad corporativa o nombre de jurisdicción como elemento de entrada Ateneo de Madrid.
Unidad subordinada Sección de Ciencias Morales y Políticas-
Subdivisión de forma Memorias.
9 (RLIN) 1986
650 #4 - PUNTO DE ACCESO ADICIONAL DE MATERIA--TÉRMINO DE MATERIA
Término de materia o nombre geográfico como elemento de entrada Huelgas.
9 (RLIN) 13489
852 4# - LOCALIZACIÓN
Ubicación ES-MaACL
Número de control de estantería 1527-F-18
Holdings
Estatus retirado Estado de pérdida Estado de daño No para préstamo Colección Biblioteca de origen Biblioteca actual Ubicación en estantería Fecha de adquisición Fuente de adquisición Total de préstamos Signatura topográfica completa Código de barras Visto por última vez Precio de reemplazo Tipo de ítem Koha
        Colección de folletos Biblioteca del Ateneo de Madrid Biblioteca del Ateneo de Madrid Depósito folletos 17/01/2008     1527-F-18 1040807 23/02/2023 23/02/2023 Folleto